Proyecto de Código Orgánico de Tribunales: revisado por la Comisión Mista de Senadores i Diputados
Sparad:
| Materialtyp: | Bok |
|---|---|
| Språk: | spanska |
| Publicerad: |
Santiago
Imprenta Cervantes
1906
|
| Upplaga: | 2a. ed |
| Ämnen: | |
| Taggar: |
Lägg till en tagg
Inga taggar, Lägg till första taggen!
|
MARC
| LEADER | 00000cam a2200000 a 4500 | ||
|---|---|---|---|
| 001 | UCR1200 | ||
| 003 | CL-VaPUC | ||
| 008 | 971212e19060000CL |||||||||||||||||spa|d | ||
| 082 | 0 | 4 | |a 347.01 |b PRO |2 21 |
| 245 | 1 | 0 | |a Proyecto de Código Orgánico de Tribunales: revisado por la Comisión Mista de Senadores i Diputados |
| 246 | 1 | 0 | |a Actas de sesiones de la Comisión Mista de Senadores i Diputados, encargada de informar sobre el Proyecto de Lei de Organización i atribuciones de los Tribunales, 1902 |
| 250 | |a 2a. ed | ||
| 300 | |a 257 p | ||
| 942 | |c BK | ||
| 945 | |d 19971212 00:00:00 |a cmena | ||
| 260 | |a Santiago |b Imprenta Cervantes |c 1906 | ||
| 500 | |a Dos textos distintos, empastados en forma conjunta | ||
| 600 | 0 | 7 | |a CORTE SUPREMA |2 CL-VaPUC |9 389044 |
| 600 | 0 | 7 | |a CORTE DE APELACIONES |2 CL-VaPUC |9 398129 |
| 650 | 0 | |a Código penal |9 255935 | |
| 650 | 0 | |a Delitos |9 224143 | |
| 650 | 7 | |a DERECHO CHILENO |2 CL-VaPUC |9 398130 | |
| 650 | 7 | |a CRIMINALES |2 CL-VaPUC |9 322996 | |
| 650 | 0 | |a Delincuencia |9 335739 | |
| 651 | 7 | |a CHILE |2 CL-VaPUC |9 398131 | |
| 583 | |a last modification |c 20131009 09:48:53 |k Rodrigo Vera | ||
| 999 | |c 264678 |d 264676 | ||
| 952 | |0 0 |1 0 |2 ddc |4 0 |5 1 |6 347_010000000000000_PRO_1906 |7 1 |8 C_LRYV |9 295062 |a FDOBRV |b BIBDER |d 2019-11-19 |i 1921525 |o 347.01 PRO 1906 |p 1921525 |r 2023-01-25 |w 2019-11-19 |x Ubicación 4to Piso |y BK_X |z Estos recursos deben solicitarse con anticipación |k BRV | ||
| 952 | |0 0 |1 0 |3 erd |4 0 |6 347_010000000000000_PRO_1906 |7 0 |8 X |9 295063 |a FDOBRV |b FDOBRV |d 2019-11-19 |i 5020425 |o 347.01 PRO 1906 |p 5020425 |r 2023-01-25 |w 2019-11-19 |y BK_X |z Catalogado en:20131011 |k BRV | ||